It starts with us (Record no. 17681)
[ view plain ]
| 000 -LEADER | |
|---|---|
| fixed length control field | 00358nam a22001577a 4500 |
| 003 - CONTROL NUMBER IDENTIFIER | |
| control field | OSt |
| 008 - FIXED-LENGTH DATA ELEMENTS--GENERAL INFORMATION | |
| fixed length control field | 230509b |||||||| |||| 00| 0 eng d |
| 020 ## - INTERNATIONAL STANDARD BOOK NUMBER | |
| ISBN | 9781398518179 |
| 041 ## - LANGUAGE CODE | |
| Language code of text/sound track or separate title | eng |
| 082 ## - DEWEY DECIMAL CLASSIFICATION NUMBER | |
| Classification number | 813 |
| Item number | HOO/IT |
| 100 ## - MAIN ENTRY--AUTHOR NAME | |
| Personal name | Hoover, colleen |
| 245 ## - TITLE STATEMENT | |
| Title | It starts with us |
| 260 ## - PUBLICATION, DISTRIBUTION, ETC. (IMPRINT) | |
| Place of publication | London |
| Name of publisher | Simon&schuster |
| Year of publication | 2022 |
| 300 ## - PHYSICAL DESCRIPTION | |
| Number of Pages | 323 |
| 942 ## - ADDED ENTRY ELEMENTS (KOHA) | |
| Koha item type | Books |
| Withdrawn status | Lost status | Damaged status | Collection code | Home library | Current library | Shelving location | Date acquired | Source of acquisition | Cost, normal purchase price | Full call number | Accession Number | Koha item type |
|---|---|---|---|---|---|---|---|---|---|---|---|---|
| Fiction | KAUAET | KAUAET | General Stacks | 24/03/2023 | Aman book stall, calicut | 699.00 | 813 HOO/IT | 26111 | Books | |||
| Fiction | KAUAET | KAUAET | General Stacks | 24/03/2023 | Aman book stall, calicut | 699.00 | 813 HOO/IT | 26112 | Books | |||
| Fiction | KAUAET | KAUAET | General Stacks | 24/03/2023 | Aman book stall, calicut | 699.00 | 813 HOO/IT | 26113 | Books |
